100 Biggest Cities in Australia - Statistics

General Stats
  • This quiz has been taken 1,644 times
    1,627 since last reset
  • The average score is 22 of 100
Answer Stats
Rank Population City % Correct
2 3,730,000 Melbourne
99%
1 4,395,000 Sydney
99%
3 1,447,000 Perth
98%
5 959,000 Brisbane
96%
4 1,074,000 Adelaide
95%
19 93,000 Darwin
89%
8 328,000 Canberra
87%
6 528,000 Gold Coast
83%
35 48,000 Hobart
79%
13 154,000 Cairns
75%
64 26,000 Alice Springs
73%
7 498,000 Newcastle
72%
16 139,000 Townsville
61%
12 161,000 Geelong
59%
9 261,000 Wollongong
58%
26 72,000 Launceston
48%
22 85,000 Ballarat
46%
23 82,000 Bendigo
46%
27 66,000 Rockhampton
44%
17 104,000 Albury
40%
20 93,000 Toowoomba
40%
24 76,000 Mackay
37%
31 55,000 Wagga Wagga
35%
34 48,000 Mildura
31%
28 63,000 Coffs Harbour
30%
40 40,000 Orange
30%
80 23,000 Mount Isa
29%
72 24,000 Albany
28%
32 52,000 Bundaberg
27%
58 29,000 Dubbo
27%
62 26,000 Bunbury
25%
46 37,000 Kalgoorlie
25%
33 49,000 Port Macquarie
25%
39 40,000 Bathurst
22%
60 27,000 Geraldton
21%
44 39,000 Tamworth
21%
99 19,000 Devonport
19%
49 34,000 Shepparton
19%
53 32,000 Wodonga
19%
55 30,000 Gladstone
17%
75 23,000 Mount Gambier
16%
98 19,000 Echuca
14%
54 31,000 Lismore
14%
56 30,000 Warrnambool
14%
79 23,000 Armidale
13%
91 20,000 Burnie
13%
85 21,000 Goulburn
13%
18 95,000 Nowra
13%
15 148,000 City of Parramatta
11%
95 20,000 Whyalla
11%
25 73,000 Mandurah
10%
52 32,000 Queanbeyan
10%
38 44,000 Taree
9%
48 34,000 Frankston East
8%
87 21,000 Maryborough
8%
51 32,000 Melton
8%
83 21,000 Liverpool
7%
42 39,000 Blacktown
6%
36 48,000 Torquay
6%
43 39,000 Caloundra
5%
86 21,000 Mornington
5%
57 30,000 Sunbury
5%
68 25,000 Palmerston
4%
81 21,000 Caboolture
3%
10 254,000 Logan City
3%
37 45,000 Mooloolaba
3%
30 60,000 Adelaide Hills
2%
41 39,000 Cranbourne
2%
11 207,000 North Shore
2%
65 26,000 Port Stephens
2%
71 24,000 Southport
2%
92 20,000 Balwyn North
1%
93 20,000 Brunswick
1%
47 35,000 Castle Hill
1%
94 20,000 Craigieburn
1%
69 25,000 Ferntree Gully
1%
14 150,000 Geelong West
1%
74 23,000 Glen Iris
1%
45 38,000 Hoppers Crossing
1%
90 20,000 Kwinana
1%
61 27,000 Maroubra
1%
63 26,000 Mosman
1%
67 25,000 Quakers Hill
1%
21 89,000 Rainbow Beach
1%
66 26,000 Randwick
1%
29 60,000 South Brisbane
1%
50 34,000 St. Albans
1%
59 27,000 Banora Point
0%
70 25,000 Bentleigh East
0%
88 21,000 Booval
0%
96 20,000 Camberwell
0%
73 23,000 Canning Vale
0%
84 21,000 Caringbah
0%
82 21,000 Carlingford
0%
78 23,000 Granville
0%
89 20,000 Greensborough
0%
97 20,000 Malvern East
0%
76 23,000 Marrickville
0%
77 23,000 Morphett Vale
0%
100 19,000 Roebourne
0%
No matching quizzes found
Score Distribution
Percent of People with Each Score
Percentile by Number Answered
Your Score History
You have not taken this quiz since the last reset